[Event "Mittelfranken-chTB2a 1617"]
[Site "Mittelfranken"]
[Date "2016.11.27"]
[Round "3.4"]
[White "Rausch, Wolfgang1111"]
[Black "Lunz, Dieter"]
[Result "0-1"]
[WhiteElo "1789"]
[BlackElo "1867"]
[PlyCount "66"]
[EventDate "2016.10.23"]
[EventType "team-tourn"]
[EventRounds "9"]
[EventCountry "GER"]
[SourceTitle "EXT 2022"]
[Source "ChessBase"]
[SourceDate "2021.10.06"]
[SourceVersion "1"]
[SourceVersionDate "2021.10.06"]
[SourceQuality "1"]
[WhiteTeam "Nuernberg Sued SW IV"]
[BlackTeam "Heilsbronn"]
[WhiteTeamCountry "GER"]
[BlackTeamCountry "GER"]

1. c4 e6 2. Nc3 d5 3. d4 Nf6 4. Bg5 Be7 5. e3 a6 6. cxd5 Nxd5 7. Bxe7 Qxe7 8. Rc1 c6 9. Nf3 Nd7 10. Qb3 0-0 11. Be2 Kh8 12. 0-0 f5 13. Ne5 g5 14. Nxd5 exd5 15. f4 Nxe5 16. fxe5 Be6 17. Rf2 Rf7 18. Bd3 Raf8 19. Rcf1 f4 20. exf4 gxf4 21. Qc3 Qh4 22. Be2 Bg4 23. Bxg4 Qxg4 24. Qf3 Qg6 25. Re2 Rf5 26. Kh1 Qh6 27. Rfe1 Rh5 28. h3 Rg5 29. e6 Rg3 30. Qf2 Qh4 31. Kh2 Rfg8 32. Qf1 f3 33. gxf3 Qf4 0-1

[Event "Mittelfranken-chTB2a 1516"]
[Site "Mittelfranken"]
[Date "2016.02.14"]
[Round "6.5"]
[White "Steinmueller, Stefanie"]
[Black "Lunz, Dieter"]
[Result "0-1"]
[WhiteElo "1765"]
[BlackElo "1904"]
[PlyCount "78"]
[EventDate "2015.10.18"]
[EventType "team-tourn"]
[EventRounds "9"]
[EventCountry "GER"]
[SourceTitle "EXT 2020"]
[Source "ChessBase"]
[SourceDate "2019.10.17"]
[SourceVersion "1"]
[SourceVersionDate "2019.10.17"]
[SourceQuality "1"]
[WhiteTeam "Herzogenaurach III"]
[BlackTeam "Heilsbronn"]
[WhiteTeamCountry "GER"]
[BlackTeamCountry "GER"]

1. e4 e6 2. d4 d5 3. Bd3 c5 4. exd5 exd5 5. Qe2+ Be6 6. Nf3 Nc6 7. Bf5 Qf6 8. Bh3 h6 9. Nc3 Nge7 10. Bxe6 Qxe6 11. dxc5 Qxe2+ 12. Nxe2 Nf5 13. Nc3 0-0-0 14. 0-0 Bxc5 15. Rd1 d4 16. Ne4 Bb6 17. Bf4 Rhe8 18. Ng3 Nxg3 19. Bxg3 Re2 20. Rd2 Rxd2 21. Nxd2 Nb4 22. c3 dxc3 23. bxc3 Nc2 24. Rd1 Ba5 25. Kf1 Bxc3 26. Ke2 Nd4+ 27. Ke1 Nf5 28. Ke2 Nxg3+ 29. hxg3 Rxd2+ 30. Rxd2 Bxd2 31. Kxd2 Kd7 32. Kd3 Kd6 33. Kd4 b5 34. a3 a5 35. f4 f5 36. Kd3 Kd5 37. Kc3 Ke4 38. Kb3 Ke3 39. Kc3 Kf2 0-1

[Event "Mittelfranken-chTB2a 1415"]
[Site "Mittelfranken"]
[Date "2015.02.08"]
[Round "6.4"]
[White "Riexinger, Andreas"]
[Black "Lunz, Dieter"]
[Result "0-1"]
[WhiteElo "1650"]
[BlackElo "1904"]
[PlyCount "98"]
[EventDate "2014.09.28"]
[EventType "team-tourn"]
[EventRounds "9"]
[EventCountry "GER"]
[SourceTitle "EXT 2020"]
[Source "ChessBase"]
[SourceDate "2019.10.17"]
[SourceVersion "1"]
[SourceVersionDate "2019.10.17"]
[SourceQuality "1"]
[WhiteTeam "Postbauer Heng II"]
[BlackTeam "Heilsbronn"]
[WhiteTeamCountry "GER"]
[BlackTeamCountry "GER"]

1. d4 Nf6 2. Nf3 e6 3. c4 d5 4. Nc3 c5 5. e3 Nc6 6. b3 Be7 7. Be2 cxd4 8. exd4 Bb4 9. Bb2 Qa5 10. Qc2 Ne4 11. Rc1 Qxa2 12. 0-0 Bxc3 13. Bxc3 Qxc2 14. Rxc2 0-0 15. c5 Bd7 16. Rb1 a6 17. b4 Na7 18. Ne5 Ba4 19. Rcc1 f6 20. Nf3 Bb5 21. Bxb5 axb5 22. Nd2 Nxc3 23. Rxc3 Nc6 24. Nf3 Ra4 25. Rcb3 Rfa8 26. g3 Ra3 27. Kg2 Rxb3 28. Rxb3 Ra4 29. Re3 Kf7 30. Rb3 Rxb4 31. Rxb4 Nxb4 32. Kf1 Nc6 33. Ke2 e5 34. Ke3 exd4+ 35. Nxd4 Nxd4 36. Kxd4 Ke6 37. f4 b4 38. g4 g6 39. h3 g5 40. f5+ Kd7 41. Kd3 Kc6 42. Kd4 Kb5 43. Kxd5 b3 44. Ke6 b2 45. Kxf6 b1Q 46. Kxg5 Qc1+ 47. Kf6 Qh6+ 48. Ke7 Qxh3 49. f6 Qxg4 0-1

[Event "Mittelfranken-chTB2a 1415"]
[Site "Mittelfranken"]
[Date "2014.11.16"]
[Round "3.3"]
[White "Diller, Peter"]
[Black "Lunz, Dieter"]
[Result "1/2-1/2"]
[WhiteElo "1959"]
[BlackElo "1904"]
[PlyCount "77"]
[EventDate "2014.09.28"]
[EventType "team-tourn"]
[EventRounds "9"]
[EventCountry "GER"]
[SourceTitle "EXT 2020"]
[Source "ChessBase"]
[SourceDate "2019.10.17"]
[SourceVersion "1"]
[SourceVersionDate "2019.10.17"]
[SourceQuality "1"]
[WhiteTeam "Rothenburg"]
[BlackTeam "Heilsbronn"]
[WhiteTeamCountry "GER"]
[BlackTeamCountry "GER"]

1. e4 e6 2. f4 d5 3. e5 c5 4. Nf3 Bd7 5. c3 Qb6 6. d3 Nc6 7. Be2 Nge7 8. 0-0 d4 9. Nbd2 Nf5 10. Ne4 c4 11. Kh1 cxd3 12. Bxd3 dxc3 13. Nxc3 Ne3 14. Bxe3 Qxe3 15. Ng5 Nb4 16. Rf3 Nxd3 17. Qxd3 Qxd3 18. Rxd3 Bc6 19. Rad1 Bb4 20. Nge4 Ke7 21. a3 Bxc3 22. Nxc3 Rhd8 23. Kg1 Rxd3 24. Rxd3 Rd8 25. Rxd8 Kxd8 26. Kf2 Kc7 27. g4 Kb6 28. b4 a5 29. Ke3 axb4 30. axb4 Bg2 31. h4 Kc6 32. Kd4 Bf3 33. g5 g6 34. Kc4 b5+ 35. Kd4 Bg2 36. Nd1 Bd5 37. Nf2 Bf3 38. Ke3 Bg2 39. Kd4 1/2-1/2

[Event "Mittelfranken-chTB2a 1415"]
[Site "Mittelfranken"]
[Date "2014.10.12"]
[Round "2.4"]
[White "Lunz, Dieter"]
[Black "Lenz, Harald"]
[Result "0-1"]
[WhiteElo "1904"]
[BlackElo "1742"]
[PlyCount "114"]
[EventDate "2014.09.28"]
[EventType "team-tourn"]
[EventRounds "9"]
[EventCountry "GER"]
[SourceTitle "EXT 2020"]
[Source "ChessBase"]
[SourceDate "2019.10.17"]
[SourceVersion "1"]
[SourceVersionDate "2019.10.17"]
[SourceQuality "1"]
[WhiteTeam "Heilsbronn"]
[BlackTeam "Nuernberg NT V"]
[WhiteTeamCountry "GER"]
[BlackTeamCountry "GER"]

1. e4 c6 2. d4 d5 3. exd5 cxd5 4. Nf3 Nf6 5. Bd3 Bg4 6. h3 Bxf3 7. Qxf3 e6 8. 0-0 Be7 9. c3 0-0 10. Nd2 Nbd7 11. Qe2 a6 12. f4 Qb6 13. Nf3 Rfe8 14. Ne5 Qc7 15. f5 exf5 16. Bxf5 Nxe5 17. dxe5 Bc5+ 18. Kh1 Qxe5 19. Qf3 Qe2 20. Qxe2 Rxe2 21. Bd3 Rf2 22. Bg5 Ne4 23. Bxe4 dxe4 24. Rxf2 Bxf2 25. g4 f6 26. Kg2 e3 27. Bf4 g5 28. Bc7 Rc8 29. Bb6 Rc6 30. Bd4 Kf7 31. Kf3 Re6 32. Ke2 Kg6 33. Rd1 f5 34. gxf5+ Kxf5 35. a4 g4 36. hxg4+ Kxg4 37. Ba7 h5 38. Rd7 Bg3 39. Rg7+ Kh3 40. Kf3 h4 41. Bxe3 Rf6+ 42. Ke4 Kg2 43. Bd4 Rf4+ 44. Kd5 h3 45. Be5 Rf3 46. Bxg3 Rxg3 47. Re7 h2 48. Re2+ Kh3 49. Rxh2+ Kxh2 50. Kc5 Rg6 51. b4 a5 52. Kb5 axb4 53. cxb4 Kg3 54. a5 Kf4 55. Kc5 Ke5 56. b5 Rh6 57. b6 Rh1 0-1

[Event "Mittelfranken-chTB2a 1213"]
[Site "Germany"]
[Date "2013.04.21"]
[Round "9.4"]
[White "Kaiser, Hans1111"]
[Black "Lunz, Dieter"]
[Result "1/2-1/2"]
[WhiteElo "2100"]
[BlackElo "1969"]
[PlyCount "35"]
[EventDate "2012.10.07"]
[EventType "team-tourn"]
[EventRounds "9"]
[EventCountry "GER"]
[SourceTitle "EXT 2019"]
[Source "ChessBase"]
[SourceDate "2018.10.10"]
[SourceVersion "1"]
[SourceVersionDate "2018.10.10"]
[SourceQuality "1"]
[WhiteTeam "Bad Windsheim"]
[BlackTeam "Heilsbronn"]
[WhiteTeamCountry "GER"]
[BlackTeamCountry "GER"]

1. e4 e6 2. d4 d5 3. Nd2 Nf6 4. e5 Nfd7 5. Bd3 c5 6. c3 Nc6 7. Ne2 cxd4 8. cxd4 Nb4 9. Bb1 Be7 10. 0-0 b6 11. a3 Nc6 12. Bd3 Bb7 13. f4 g6 14. b4 a6 15. Nf3 b5 16. Kh1 Qb6 17. Bd2 a5 18. Qb3 1/2-1/2

[Event "Mittelfranken-chTB2a 1213"]
[Site "Germany"]
[Date "2012.11.18"]
[Round "3.4"]
[White "Koerber, Christian"]
[Black "Lunz, Dieter"]
[Result "0-1"]
[WhiteElo "1736"]
[BlackElo "1969"]
[PlyCount "50"]
[EventDate "2012.10.07"]
[EventType "team-tourn"]
[EventRounds "9"]
[EventCountry "GER"]
[SourceTitle "EXT 2019"]
[Source "ChessBase"]
[SourceDate "2018.10.10"]
[SourceVersion "1"]
[SourceVersionDate "2018.10.10"]
[SourceQuality "1"]
[WhiteTeam "Fuerth SF II"]
[BlackTeam "Heilsbronn"]
[WhiteTeamCountry "GER"]
[BlackTeamCountry "GER"]

1. d4 Nf6 2. Nf3 e6 3. e3 d5 4. Bd3 c5 5. b3 Nc6 6. Bb2 Be7 7. 0-0 0-0 8. Nbd2 Bd7 9. Ne5 Rc8 10. a3 Qb6 11. dxc5 Qxc5 12. Nxd7 Nxd7 13. c4 Nce5 14. Bxh7+ Kxh7 15. Qh5+ Kg8 16. Bxe5 Nxe5 17. Qxe5 Bf6 18. Qh5 Bxa1 19. Rxa1 dxc4 20. Qxc5 Rxc5 21. Nxc4 Rd8 22. a4 Rd3 23. Rb1 b5 24. Na3 Rxb3 25. Rxb3 Rc1# 0-1

[Event "Mittelfranken-chTB1 1112"]
[Site "Germany"]
[Date "2012.02.05"]
[Round "6.4"]
[White "Lunz, Dieter"]
[Black "Obsieger, Hendrik"]
[Result "1-0"]
[WhiteElo "1950"]
[BlackElo "1869"]
[PlyCount "97"]
[EventDate "2011.09.25"]
[EventType "team-tourn"]
[EventRounds "9"]
[EventCountry "GER"]
[SourceTitle "EXT 2013"]
[Source "ChessBase"]
[SourceDate "2012.11.22"]
[SourceVersion "1"]
[SourceVersionDate "2012.11.22"]
[SourceQuality "1"]
[WhiteTeam "Heilsbronn"]
[BlackTeam "Erlangen SC II"]
[WhiteTeamCountry "GER"]
[BlackTeamCountry "GER"]

1. e4 c5 2. c3 d5 3. exd5 Qxd5 4. d4 Nc6 5. Nf3 Bg4 6. Be2 cxd4 7. cxd4 e6 8. h3 Bh5 9. Nc3 Qa5 10. 0-0 Nf6 11. Qb3 0-0-0 12. Be3 Qb4 13. Qxb4 Bxb4 14. Rac1 Kb8 15. a3 Be7 16. Ne5 Nxe5 17. dxe5 Bxe2 18. exf6 Bxf1 19. fxe7 Rd7 20. Bf4+ Ka8 21. Kxf1 Rxe7 22. Nb5 a6 23. Nd6 f6 24. Nc4 e5 25. Be3 Rc7 26. b4 b5 27. Nb6+ Kb7 28. Bc5 Rd8 29. a4 bxa4 30. Nxa4 Rc6 31. Nb2 Rd5 32. Nc4 Re6 33. Ke2 f5 34. Ne3 Rd7 35. Nxf5 g6 36. Ne3 Re8 37. Nc4 Red8 38. Nxe5 Re8 39. f4 g5 40. g3 gxf4 41. gxf4 Rc7 42. Kf3 Rd8 43. f5 Rg8 44. f6 Rg5 45. Kf4 Rg2 46. f7 Rc8 47. f8Q Rxf8+ 48. Bxf8 Rf2+ 49. Nf3 1-0

[Event "Mittelfranken-chTB1 1112"]
[Site "Germany"]
[Date "2011.10.23"]
[Round "2.4"]
[White "Lunz, Dieter"]
[Black "Woerl, Richard"]
[Result "1-0"]
[WhiteElo "1950"]
[BlackElo "1940"]
[PlyCount "109"]
[EventDate "2011.09.25"]
[EventType "team-tourn"]
[EventRounds "9"]
[EventCountry "GER"]
[SourceTitle "EXT 2013"]
[Source "ChessBase"]
[SourceDate "2012.11.22"]
[SourceVersion "1"]
[SourceVersionDate "2012.11.22"]
[SourceQuality "1"]
[WhiteTeam "Heilsbronn"]
[BlackTeam "Nuernberg Sued SW II"]
[WhiteTeamCountry "GER"]
[BlackTeamCountry "GER"]

1. e4 c5 2. c3 e6 3. d4 cxd4 4. cxd4 Bb4+ 5. Bd2 Bxd2+ 6. Qxd2 d5 7. e5 Ne7 8. Nc3 0-0 9. Bd3 Nbc6 10. Nf3 f6 11. 0-0 Qe8 12. Nb5 Qh5 13. Rae1 fxe5 14. Nxe5 Rf6 15. Re3 Nxe5 16. Rxe5 Qh6 17. Qe2 Ng6 18. Bxg6 Qxg6 19. Nc7 Rb8 20. Re1 Bd7 21. Nxe6 Bxe6 22. Rxe6 Rxe6 23. Qxe6+ Qxe6 24. Rxe6 Rc8 25. g3 Rc2 26. Rd6 Rxb2 27. Rxd5 Kf7 28. Rd7+ Kf6 29. Kg2 a5 30. h4 b5 31. Rb7 b4 32. Rb6+ Ke7 33. Rb7+ Ke6 34. Rxg7 Rxa2 35. Rxh7 b3 36. Rb7 a4 37. h5 Rc2 38. h6 Rc8 39. g4 Ra8 40. h7 Rh8 41. Rb4 Rxh7 42. Rxa4 Rb7 43. Ra1 Kd5 44. g5 Kxd4 45. Kg3 b2 46. Rb1 Kc3 47. f4 Kd4 48. Kg4 Ke4 49. g6 Ke3 50. Kg5 Rb5+ 51. f5 Ke4 52. Re1+ Kf3 53. g7 b1Q 54. Rxb1 Rxb1 55. f6 1-0

[Event "Mittelfranken-chTB2b 0910"]
[Site "Mittelfranken"]
[Date "2010.01.31"]
[Round "6.4"]
[White "Lunz, Dieter"]
[Black "Ziegler, Peter"]
[Result "1-0"]
[WhiteElo "1934"]
[BlackElo "1852"]
[PlyCount "49"]
[EventDate "2009.10.11"]
[EventType "team-tourn"]
[EventRounds "9"]
[EventCountry "GER"]
[SourceTitle "EXT 2011"]
[Source "ChessBase"]
[SourceDate "2010.11.26"]
[SourceVersion "1"]
[SourceVersionDate "2010.11.26"]
[SourceQuality "1"]
[WhiteTeam "Heilsbronn"]
[BlackTeam "Nuernberg Zabo"]
[WhiteTeamCountry "GER"]
[BlackTeamCountry "GER"]

1. e4 e6 2. d4 d5 3. Nc3 Bb4 4. a3 Bxc3+ 5. bxc3 dxe4 6. Qg4 Nf6 7. Qxg7 Rg8 8. Qh6 Nbd7 9. Ne2 c5 10. Ng3 Qa5 11. Bd2 b6 12. a4 cxd4 13. cxd4 Qd5 14. c3 Bb7 15. Bb5 Rg6 16. Qe3 Ng4 17. Qf4 e3 18. fxe3 Qxg2 19. Bxd7+ Kxd7 20. Qxf7+ Kc6 21. c4 Nxh2 22. d5+ exd5 23. cxd5+ Kd6 24. Bb4+ Ke5 25. Qf5# 1-0

[Event "Mittelfranken-chTB2b 0910"]
[Site "Mittelfranken"]
[Date "2009.12.06"]
[Round "4.5"]
[White "Firla, Erwin"]
[Black "Lunz, Dieter"]
[Result "1/2-1/2"]
[WhiteElo "1919"]
[BlackElo "1934"]
[PlyCount "27"]
[EventDate "2009.10.11"]
[EventType "team-tourn"]
[EventRounds "9"]
[EventCountry "GER"]
[SourceTitle "EXT 2011"]
[Source "ChessBase"]
[SourceDate "2010.11.26"]
[SourceVersion "1"]
[SourceVersionDate "2010.11.26"]
[SourceQuality "1"]
[WhiteTeam "Postbauer Heng II"]
[BlackTeam "Heilsbronn"]
[WhiteTeamCountry "GER"]
[BlackTeamCountry "GER"]

1. e4 e6 2. d4 d5 3. exd5 exd5 4. Bd3 c5 5. dxc5 Bxc5 6. Nf3 Nf6 7. 0-0 0-0 8. c3 Nc6 9. Bg5 h6 10. Bh4 Qd6 11. Nbd2 Bg4 12. Bg3 Qd7 13. Qc2 Nh5 14. Be5 1/2-1/2

[Event "Mittelfranken-chTB2b 0809"]
[Site "Mittelfranken"]
[Date "2009.02.08"]
[Round "6.5"]
[White "Ruderer, Thomas"]
[Black "Lunz, Dieter"]
[Result "1/2-1/2"]
[WhiteElo "1751"]
[BlackElo "1921"]
[PlyCount "43"]
[EventDate "2008.10.12"]
[EventType "team"]
[EventRounds "9"]
[EventCountry "GER"]
[SourceTitle "EXT 2011"]
[Source "ChessBase"]
[SourceDate "2010.11.26"]
[SourceVersion "1"]
[SourceVersionDate "2010.11.26"]
[SourceQuality "1"]
[WhiteTeam "Heideck/Hilpoltstein"]
[BlackTeam "Heilsbronn"]
[WhiteTeamCountry "GER"]
[BlackTeamCountry "GER"]

1. e4 e6 2. d4 d5 3. Nd2 dxe4 4. Nxe4 Nf6 5. Nxf6+ Qxf6 6. Nf3 h6 7. Bd3 Bd6 8. 0-0 Bd7 9. Re1 0-0 10. Bd2 Bc6 11. Ne5 Qh4 12. Qg4 Qxg4 13. Nxg4 Nd7 14. c4 b6 15. Rad1 Rfe8 16. Bc3 Rad8 17. b4 Ba8 18. c5 Bf4 19. Be4 h5 20. Bxa8 Rxa8 21. Ne3 Nf6 22. g3 1/2-1/2

[Event "Mittelfranken-chTB2b 0809"]
[Site "Mittelfranken"]
[Date "2008.12.07"]
[Round "3.5"]
[White "Lunz, Dieter"]
[Black "Schanz, Karlheinz"]
[Result "1/2-1/2"]
[WhiteElo "1921"]
[BlackElo "1837"]
[PlyCount "69"]
[EventDate "2008.10.12"]
[EventType "team"]
[EventRounds "9"]
[EventCountry "GER"]
[SourceTitle "EXT 2011"]
[Source "ChessBase"]
[SourceDate "2010.11.26"]
[SourceVersion "1"]
[SourceVersionDate "2010.11.26"]
[SourceQuality "1"]
[WhiteTeam "Heilsbronn"]
[BlackTeam "Muehlhof/Schwabach"]
[WhiteTeamCountry "GER"]
[BlackTeamCountry "GER"]

1. e4 c6 2. d4 d5 3. exd5 cxd5 4. Nf3 Nf6 5. Bd3 Bg4 6. c3 Nc6 7. 0-0 e6 8. h3 Bh5 9. Re1 Bd6 10. Nbd2 0-0 11. Qc2 Bg6 12. Bxg6 hxg6 13. Ne5 Bxe5 14. dxe5 Nd7 15. f4 Qb6+ 16. Kh1 Rfc8 17. Nf3 Ne7 18. Be3 Qa6 19. g4 b5 20. Qf2 Qb7 21. Kg1 Rc7 22. Qh4 Nf8 23. Rac1 Rac8 24. Qf2 b4 25. cxb4 Qxb4 26. a3 Qa5 27. Rxc7 Rxc7 28. Rc1 Rxc1+ 29. Bxc1 Nc6 30. Be3 Nd7 31. Qc2 Qb5 32. Nd4 Nxd4 33. Bxd4 Qb7 34. b4 a6 35. Qc3 1/2-1/2

[Event "Mittelfrankenliga-B2b 0708"]
[Site "Mittelfranken"]
[Date "2008.01.27"]
[Round "5.5"]
[White "Korth, Manfred"]
[Black "Lunz, Dieter"]
[Result "1/2-1/2"]
[WhiteElo "1752"]
[BlackElo "1921"]
[PlyCount "27"]
[EventDate "2007.10.14"]
[EventType "team-tourn"]
[EventRounds "9"]
[EventCountry "GER"]
[SourceTitle "EXT 2011"]
[Source "ChessBase"]
[SourceDate "2010.11.26"]
[SourceVersion "1"]
[SourceVersionDate "2010.11.26"]
[SourceQuality "1"]
[WhiteTeam "Heideck/Hilpoltstein"]
[BlackTeam "Heilsbronn"]
[WhiteTeamCountry "GER"]
[BlackTeamCountry "GER"]

1. c4 Nf6 2. Nc3 e6 3. Nf3 d5 4. cxd5 exd5 5. d4 c6 6. Bg5 h6 7. Bh4 Be7 8. e3 Bf5 9. Bd3 Ne4 10. Bxe7 Qxe7 11. 0-0 Nxc3 12. bxc3 Bxd3 13. Qxd3 Nd7 14. Rfb1 1/2-1/2